000 00861nam a2200253 i 4500
001 135072
003 ES-MaACL
005 20250822062534.0
007 t|
008 070709s1980 sp ||||1| spa d
080 _a75 Goya, Francisco de (1746-1828)
080 _a946.0"1808/14"
100 1 _aThomas, Hugh,
_d1931-2017
_9110019
245 1 0 _aGoya
_b: El Tres de Mayo de 1808 /
_cHugh Thomas ; [traducido por Ramón Barnils].
260 _aBarcelona :
_bGrijalbo,
_c1980.
300 _a118 p. :
_bil. ;
_c19 cm.
490 1 _aDimensiones Hispánicas
600 1 4 _aGoya, Francisco de,
_d1746-1828
_9240353
651 4 _aEspaña-
_xHistoria-
_y1808-1814, Guerra de la Independencia
_98244
700 1 _aBarnils, Ramon.
_925738
830 0 _aDimensiones Hispánicas
_9181544
852 _aES-MaACL
_jA-10467
_bR.99716
999 _c135072
_d135072